|
|
|
|
| LEADER |
00000nam0a2200000 4500 |
| 001 |
204890 |
| 005 |
20240214121054.0 |
| 010 |
|
|
|a 9785982988584
|
| 035 |
|
|
|a (RuTPU)RU\TPU\book\223332
|
| 090 |
|
|
|a 204890
|
| 100 |
|
|
|a 20111202d2011 k y0rusy50 ca
|
| 101 |
0 |
|
|a rus
|
| 102 |
|
|
|a RU
|
| 105 |
|
|
|a a z 001zy
|
| 200 |
1 |
|
|a Тестирование при определении уровня сформированности иноязычной коммуникативной компетенции (на примере обучения специальности "Экологический менеджмент" в неязыковом вузе)
|e монография
|f Н. Ю. Гутарева
|g Национальный исследовательский Томский политехнический университет (ТПУ)
|
| 210 |
|
|
|a Томск
|c Изд-во ТПУ
|d 2011
|
| 215 |
|
|
|a 159 с.
|c ил.
|
| 320 |
|
|
|a Библиография в примечаниях.
|
| 320 |
|
|
|a Указатель имен: с. 156-158.
|
| 330 |
|
|
|a В книге рассмотрена одна из актуальных и сложных проблем методики обучения иностранным языкам - тестирование уровня сформированности иноязычной коммуникативной компетенции в устной речи. Разработанный, прошедший экспертизу и апробацию устный коммуникативный тест в форме интервью, позволяет объективно выявить уровень сформированности иноязычной коммуникативной компетенции специалистов-нелингвистов на основе созданной комбинированной шкалы, представленной целостной и аналитической рейтинговыми шкалами, последняя из которых отражает критерии оценивания для всех компонентов в модели иноязычной коммуникативной компетенции выпускника технического вуза. Предназначена для преподавателей, студентов и аспирантов педагогических вузов, а также широкого круга читателей, интересующихся проблемами методики преподавания иностранных языков, в частности контроля уровня сформированности иноязычной коммуникативной компетенции будущих выпускников технического вуза.
|
| 452 |
|
1 |
|0 (RuTPU)RU\TPU\book\228953
|t Тестирование при определении уровня сформированности иноязычной коммуникативной компетенции (на примере обучения специальности "Экологический менеджмент" в неязыковом вузе)
|o монография
|f Н. Ю. Гутарева
|g Национальный исследовательский Томский политехнический университет (ТПУ)
|c Томск
|n Изд-во ТПУ
|d 2011
|a Гутарева, Надежда Юрьевна
|
| 606 |
1 |
|
|a Иностранные языки
|x Методика преподавания
|2 stltpush
|3 (RuTPU)RU\TPU\subj\12658
|9 39408
|
| 610 |
1 |
|
|a лингвистика
|
| 610 |
1 |
|
|a иноязычная подготовка
|
| 610 |
1 |
|
|a иноязычная речевая деятельность
|
| 610 |
1 |
|
|a коммуникативная компетентность
|
| 610 |
1 |
|
|a обучение
|
| 610 |
1 |
|
|a английский язык
|
| 610 |
1 |
|
|a экологический мененджмент
|
| 610 |
1 |
|
|a оценка
|
| 610 |
1 |
|
|a оценивание
|
| 610 |
1 |
|
|a тестирование
|
| 610 |
1 |
|
|a монографии
|
| 610 |
1 |
|
|a методика
|
| 610 |
1 |
|
|a преподавание
|
| 686 |
|
|
|a Ш12-9
|2 rubbk
|
| 700 |
|
1 |
|a Гутарева
|b Н. Ю.
|c лингвист
|c доцент Томского политехнического университета, кандидат педагогических наук
|f 1979-
|g Надежда Юрьевна
|3 (RuTPU)RU\TPU\pers\27885
|9 12901
|
| 712 |
0 |
2 |
|a Национальный исследовательский Томский политехнический университет (ТПУ)
|c (2009- )
|3 (RuTPU)RU\TPU\col\15902
|
| 801 |
|
1 |
|a RU
|b 63413507
|c 20111202
|
| 801 |
|
2 |
|a RU
|b 63413507
|c 20150723
|g RCR
|
| 942 |
|
|
|c BK
|